00271nam a22000857a 4500008004100000082002000041245007900061260003700140300000800177230621b xxu||||| |||| 00| 0 eng d a328.3bCPA 1996 aSummary Report of the Report of the Commonwealth Parliamentary Association aZimbabwebParliament of Zimbabwe a40p